奥羽本線の駅名(福島〜秋田) - Statistics

General Stats
  • This quiz has been taken 19 times
  • The average score is 43 of 62
Answer Stats
乗換路線 Answer % Correct
東北本線、東北新幹線阿武隈急行、福島交通 福島
100%
山形
100%
村山
100%
陸羽西線、陸羽東線 新庄
100%
羽越本線 秋田
100%
94%
米坂線 米沢
94%
高畠
94%
山形鉄道 赤湯
94%
かみのやま温泉
94%
左沢線 北山形
94%
仙山線 羽前千歳
94%
天童
94%
大石田
94%
湯沢
94%
さくらんぼ東根
88%
北上線 横手
88%
庭坂
82%
蔵王
82%
舟形
82%
真室川
82%
院内
82%
田沢湖線 大曲
82%
天童南
76%
東根
76%
北大石田
76%
及位
76%
四ツ小屋
76%
笹木野
71%
置賜
71%
茂吉記念館前
71%
後三年
71%
板谷
65%
羽前中山
65%
高擶
65%
十文字
65%
和田
65%
南出羽
59%
神町
59%
袖崎
59%
羽後境
59%
大沢
53%
関根
53%
上湯沢
53%
下湯沢
53%
漆山
47%
芦沢
47%
泉田
47%
横堀
47%
飯詰
47%
神宮寺
47%
刈和野
47%
大張野
47%
中川
41%
乱川
41%
羽前豊里
41%
三関
41%
峰吉川
41%
醍醐
35%
柳田
35%
釜淵
29%
大滝
29%
No matching quizzes found
Score Distribution
Percent of People with Each Score
Percentile by Number Answered
Your Score History
You have not taken this quiz